The Fundamentals of Computational Intelligence: System Approach (Запис № 452720)

МАРК-запис
000 -LEADER
fixed length control field 05396nam a22005775i 4500
001 - CONTROL NUMBER
control field 978-3-319-35162-9
003 - CONTROL NUMBER IDENTIFIER
control field DE-He213
005 - DATE AND TIME OF LATEST TRANSACTION
control field 20210118151526.0
007 - PHYSICAL DESCRIPTION FIXED FIELD--GENERAL INFORMATION
fixed length control field cr nn 008mamaa
008 - FIXED-LENGTH DATA ELEMENTS--GENERAL INFORMATION
fixed length control field 160701s2017 gw | s |||| 0|eng d
020 ## - INTERNATIONAL STANDARD BOOK NUMBER
International Standard Book Number 9783319351629
-- 978-3-319-35162-9
024 7# - OTHER STANDARD IDENTIFIER
Standard number or code 10.1007/978-3-319-35162-9
Source of number or code doi
050 #4 - LIBRARY OF CONGRESS CALL NUMBER
Classification number Q342
072 #7 - SUBJECT CATEGORY CODE
Subject category code UYQ
Source bicssc
072 #7 - SUBJECT CATEGORY CODE
Subject category code TEC009000
Source bisacsh
072 #7 - SUBJECT CATEGORY CODE
Subject category code UYQ
Source thema
082 04 - DEWEY DECIMAL CLASSIFICATION NUMBER
Classification number 006.3
Edition number 23
100 1# - MAIN ENTRY--PERSONAL NAME
Personal name Zgurovsky, Mikhail Z.
Relator term author.
Relator code aut
-- http://id.loc.gov/vocabulary/relators/aut
245 14 - TITLE STATEMENT
Title The Fundamentals of Computational Intelligence: System Approach
Medium [electronic resource] /
Statement of responsibility, etc by Mikhail Z. Zgurovsky, Yuriy P. Zaychenko.
250 ## - EDITION STATEMENT
Edition statement 1st ed. 2017.
264 #1 -
-- Cham :
-- Springer International Publishing :
-- Imprint: Springer,
-- 2017.
300 ## - PHYSICAL DESCRIPTION
Extent XX, 375 p. 143 illus., 70 illus. in color.
Other physical details online resource.
336 ## -
-- text
-- txt
-- rdacontent
337 ## -
-- computer
-- c
-- rdamedia
338 ## -
-- online resource
-- cr
-- rdacarrier
347 ## -
-- text file
-- PDF
-- rda
490 1# - SERIES STATEMENT
Series statement Studies in Computational Intelligence,
Міжнародний стандартний серійний номер для назви серії (ISSN) 1860-949X ;
Том/ позначення послідовності 652
505 0# - FORMATTED CONTENTS NOTE
Formatted contents note Neural Networks -- . Neural Networks with Feedback and Self-organization Introduction -- Fuzzy Inference Systems and Fuzzy Neural Networks -- Application of Fuzzy Logic Systems and Fuzzy Neural Networks in Forecasting Problems in Macroeconomics and Finance -- Fuzzy Neural Networks in Classification Problems -- Inductive Modeling Method (gmdh) in Problems of Intellectual Data Analysis and Forecasting -- The Cluster Analysis in Intellectual Systems -- Genetic Algorithms and Evolutionary Programing -- Problem of Fuzzy Portfolio optimization Under Uncertainty And Its Solution With Application of Computational Intelligence Methods.
520 ## - SUMMARY, ETC.
Summary, etc This monograph is dedicated to the systematic presentation of main trends, technologies and methods of computational intelligence (CI). The book pays big attention to novel important CI technology- fuzzy logic (FL) systems and fuzzy neural networks (FNN). Different FNN including new class of FNN- cascade neo-fuzzy neural networks are considered and their training algorithms are described and analyzed. The applications of FNN to the forecast in macroeconomics and at stock markets are examined. The book presents the problem of portfolio optimization under uncertainty, the novel theory of fuzzy portfolio optimization free of drawbacks of classical model of Markovitz as well as an application for portfolios optimization at Ukrainian, Russian and American stock exchanges. The book also presents the problem of corporations bankruptcy risk forecasting under incomplete and fuzzy information, as well as new methods based on fuzzy sets theory and fuzzy neural networks and results of their application for bankruptcy risk forecasting are presented and compared with Altman method. This monograph also focuses on an inductive modeling method of self-organization – the so-called Group Method of Data Handling (GMDH) which enables to construct the structure of forecasting models almost automatically. The results of experimental investigations of GMDH for forecasting at stock exchanges are presented. The final chapters are devoted to theory and applications of evolutionary modeling (EM) and genetic algorithms. The distinguishing feature of this monograph is a great number of practical examples of CI technologies and methods application for solution of real problems in technology, economy and financial sphere, in particular forecasting, classification, pattern recognition, portfolio optimization, bankruptcy risk prediction under uncertainty which were developed by authors and published in this book for the first time. All CI methods and algorithms are presented from the general system approach and analysis of their properties, advantages and drawbacks that enables practitioners to choose the most adequate method for their own problems solution. .
506 ## - RESTRICTIONS ON ACCESS NOTE
Terms governing access Available to subscribing member institutions only. Доступно лише організаціям членам підписки.
506 ## - RESTRICTIONS ON ACCESS NOTE
Standardized terminology for access restriction Online access from local network of NaUOA.
506 ## - RESTRICTIONS ON ACCESS NOTE
Standardized terminology for access restriction Online access with authorization at https://link.springer.com/
506 ## - RESTRICTIONS ON ACCESS NOTE
Standardized terminology for access restriction Онлайн-доступ з локальної мережі НаУОА.
506 ## - RESTRICTIONS ON ACCESS NOTE
Standardized terminology for access restriction Онлайн доступ з авторизацією на https://link.springer.com/
650 #0 - SUBJECT ADDED ENTRY--TOPICAL TERM
Topical term or geographic name as entry element Computational intelligence.
650 #0 - SUBJECT ADDED ENTRY--TOPICAL TERM
Topical term or geographic name as entry element Artificial intelligence.
650 14 - SUBJECT ADDED ENTRY--TOPICAL TERM
Topical term or geographic name as entry element Computational Intelligence.
-- http://scigraph.springernature.com/things/product-market-codes/T11014
650 24 - SUBJECT ADDED ENTRY--TOPICAL TERM
Topical term or geographic name as entry element Artificial Intelligence.
-- http://scigraph.springernature.com/things/product-market-codes/I21000
700 1# - ADDED ENTRY--PERSONAL NAME
Personal name Zaychenko, Yuriy P.
Relator term author.
Relator code aut
-- http://id.loc.gov/vocabulary/relators/aut
710 2# - ADDED ENTRY--CORPORATE NAME
Corporate name or jurisdiction name as entry element SpringerLink (Online service)
773 0# - HOST ITEM ENTRY
Title Springer eBooks
776 08 - ADDITIONAL PHYSICAL FORM ENTRY
Display text Printed edition:
International Standard Book Number 9783319351605
776 08 - ADDITIONAL PHYSICAL FORM ENTRY
Display text Printed edition:
International Standard Book Number 9783319351612
776 08 - ADDITIONAL PHYSICAL FORM ENTRY
Display text Printed edition:
International Standard Book Number 9783319817392
830 #0 - SERIES ADDED ENTRY--UNIFORM TITLE
Uniform title Studies in Computational Intelligence,
-- 1860-949X ;
Volume number/sequential designation 652
856 40 - ELECTRONIC LOCATION AND ACCESS
Uniform Resource Identifier <a href="https://doi.org/10.1007/978-3-319-35162-9">https://doi.org/10.1007/978-3-319-35162-9</a>
912 ## -
-- ZDB-2-ENG
942 ## - ADDED ENTRY ELEMENTS (KOHA)
Koha item type ЕКнига

Немає доступних примірників.